Normal view
MARC view
- SUPERVISOR , DR MUHAMMAD SHAHID
Entry Personal Name
001 - CONTROL NUMBER
- control field: 72353
003 - CONTROL NUMBER IDENTIFIER
- control field: NUST
005 - DATE AND TIME OF LATEST TRANSACTION
- control field: 20210628204800.0
008 - FIXED-LENGTH DATA ELEMENTS
- fixed length control field: 210628|| aca||aabn | a|a d
040 ## - CATALOGING SOURCE
- Original cataloging agency: NUST
- Transcribing agency: NUST
100 ## - HEADING--PERSONAL NAME
- Personal name: SUPERVISOR , DR MUHAMMAD SHAHID
670 ## - SOURCE DATA FOUND
- Source citation: Work cat.: (NUST): AWIAS, ADNAN,TAHIR RASOOL 72352, PR-SOF-1041-DESIGN OF A MINI POWER PLANT USING WIND AND, 2010
